CYBERSPACE CBMs between Pakistan and India (Record no. 16075)
[ view plain ]
| 000 -LEADER | |
|---|---|
| fixed length control field | 00646nam a22001457a 4500 |
| 020 ## - INTERNATIONAL STANDARD BOOK NUMBER | |
| International Standard Book Number | 978-969-8535-21-6 |
| 040 ## - CATALOGING SOURCE | |
| Original cataloging agency | 1 |
| 082 ## - DEWEY DECIMAL CLASSIFICATION NUMBER | |
| Classification number | 327.1720954 |
| Author Mark | D0000145 |
| 100 ## - MAIN ENTRY--PERSONAL NAME | |
| Personal name | Yamin, Tughral |
| 245 ## - TITLE STATEMENT | |
| Title | CYBERSPACE CBMs between Pakistan and India |
| Statement of responsibility, etc. | Tughral Yamin |
| 260 ## - PUBLICATION, DISTRIBUTION, ETC. | |
| Place of publication, distribution, etc. | Islamabad |
| Name of publisher, distributor, etc. | National University of Science and Technology |
| Date of publication, distribution, etc. | 2014 |
| 300 ## - PHYSICAL DESCRIPTION | |
| Extent | 275 p |
| Other physical details | 22 cm |
| 650 ## - SUBJECT ADDED ENTRY--TOPICAL TERM | |
| Topical term or geographic name entry element | International Initiatives to Create Cyber Norms and Behavior, Existing Domestic Laws and Treaties Regulating Activity in the Information Environment in South Asia, Information CBMs between Pakistan and India , INDIAN INFORMATION TECHNOLOGY ACT 2008 |
| 942 ## - ADDED ENTRY ELEMENTS (KOHA) | |
| Source of classification or shelving scheme | |
| Koha item type | Book |
| Withdrawn status | Lost status | Damaged status | Not for loan | Collection code | Permanent Location | Current Location | Shelving location | Date acquired | Total Checkouts | Full call number | Barcode | Date last seen | Price effective from | Koha item type | Date last checked out |
|---|---|---|---|---|---|---|---|---|---|---|---|---|---|---|---|
| Central Library (CL) | Central Library (CL) | General Stacks | 05/29/2015 | 1 | 327.1720954 YAM 2014 | CIPS0002585 | 11/15/2023 | 01/05/2017 | Book | 11/14/2023 | |||||
| Centre for International Peace & Stability (CIPS) | Centre for International Peace & Stability (CIPS) | General Stacks | 06/18/2014 | 327.1720954 YAM 2014 | CIPSD0000145 | 07/08/2014 | 07/08/2014 | Book | |||||||
| Centre for International Peace & Stability (CIPS) | Centre for International Peace & Stability (CIPS) | General Stacks | 10/01/2014 | 327.1720954 YAM 2014 | CIPSD0000152 | 11/06/2014 | 01/05/2017 | Book | |||||||
| Centre for International Peace & Stability (CIPS) | Centre for International Peace & Stability (CIPS) | General Stacks | 10/01/2014 | 327.1720954 YAM 2014 | CIPSD0000154 | 11/06/2014 | 01/05/2017 | Book | |||||||
| Centre for International Peace & Stability (CIPS) | Centre for International Peace & Stability (CIPS) | General Stacks | 10/01/2014 | 327.1720954 YAM 2014 | CIPSD0000153 | 11/06/2014 | 01/05/2017 | Book | |||||||
| Centre for International Peace & Stability (CIPS) | Centre for International Peace & Stability (CIPS) | General Stacks | 10/01/2014 | 327.1720954 YAM 2014 | CIPS D0000151 | 02/24/2015 | 02/24/2015 | Book | |||||||
| Centre for International Peace & Stability (CIPS) | Centre for International Peace & Stability (CIPS) | General Stacks | 05/29/2015 | 327.1720954 D0000145 | CIPS0002584 | 06/03/2015 | 06/03/2015 | Book |
